000 00618nam a22002297a 4500
003 UA-OsUOA
001 88802
007 ta
008 20121017b un ||||| |||| 00| 0 ukr d
100 _aГерасимчук Д.
090 _a821.161.2
_bГ37
942 _cBK
040 _aUA-OsUOA
_bukr
_cUA-OsUOA
_dUA-OsUOA
245 _aВітер з поля
_bновели, повісті
300 _a144 с.
955 _a3
041 _aukr
080 _a821.161.2
260 _aЛьвів
_bКаменяр
_c1976
650 7 _a82 Література. Літературознавство
_2UDC
999 _c375079
_d375079